Liga Narodów 2020/2021/2022 Dywizja C - Statystyki

Ogólne statystyki
  • Ten quiz został rozwiązany 85 razy
  • Średni wynik to 13 z 16
Statystyki odpowiedzi
Odpowiedź % Poprawnych
4 Litwa
94%
2 Estonia
92%
2 Białoruś
86%
4 Macedonia Północna
84%
1 Grecja
83%
2 Kosowo
83%
4 Słowenia
81%
3 Czarnogóra
79%
1 Albania
77%
2 Cypr
77%
3 Gruzja
77%
4 Luksemburg
75%
1 Armenia
74%
1 Azerbejdżan
73%
3 Kazachstan
70%
3 Mołdawia
70%
Nie znaleziono quizów pasujących do podanych kryteriów
Rozkład punktacji
Procent ludzi z każdym wynikiem
Percentyl według liczby udzielonych odpowiedzi
Twoja historia wyników
Nie rozwiązałeś tego quizu